|
|
|
|
| LEADER |
00000nam1a2200000 4500 |
| 001 |
155700 |
| 005 |
20231031152536.0 |
| 010 |
|
|
|a 533501041X
|
| 020 |
|
|
|a RU
|b 92-7889
|
| 035 |
|
|
|a (RuTPU)RU\TPU\book\168880
|
| 090 |
|
|
|a 155700
|
| 100 |
|
|
|a 20090318d1992 m y0rusy5003 ca
|
| 101 |
0 |
|
|a rus
|
| 102 |
|
|
|a UA
|
| 200 |
1 |
|
|a Экономия энергоресурсов в машиностроении
|f Е. А. Бельтюков, С. Н. Унгурян
|
| 210 |
|
|
|a Киев
|c Тэхника
|d 1992
|
| 215 |
|
|
|a 80 с.
|c ил.
|
| 320 |
|
|
|a Библиогр.: с. 78-79.
|
| 610 |
1 |
|
|a машиностроение
|
| 610 |
1 |
|
|a энергоресурсы
|
| 610 |
1 |
|
|a экономия
|
| 610 |
1 |
|
|a экономический анализ
|
| 610 |
1 |
|
|a использование
|
| 610 |
1 |
|
|a хозяйствення деятельность
|
| 610 |
1 |
|
|a роль экономии
|
| 675 |
|
|
|a 621.002:658.26
|v 3
|
| 700 |
|
1 |
|a Бельтюков
|b Е. А.
|g Евгений Афанасьевич
|4 070
|
| 701 |
|
1 |
|a Унгурян
|b С. Н.
|g Савелий Николаевич
|4 070
|
| 801 |
|
0 |
|a RU
|b RuMRKP
|c 19950417
|g psbo
|
| 801 |
|
1 |
|a RU
|b 63413507
|c 20090318
|g PSBO
|
| 801 |
|
2 |
|a RU
|b 63413507
|c 20140903
|g PSBO
|
| 942 |
|
|
|c BK
|